Načítá se...

T Padmanabhan: kathayile kaalabhairavan

Podrobná bibliografie
Hlavní autor: Suseela Devi, C R; Author
Médium: Printed Book
Vydáno: Kottayam, D C Books 1998
Témata:
LEADER 005700000a22001810004500
020 |a 81-7130-884-8 
040 |a MAL 
082 |a A301 PAD 09 N8 
100 |a Suseela Devi, C R; Author 
245 |a T Padmanabhan: kathayile kaalabhairavan 
260 |a Kottayam, D C Books 
260 |c 1998 
460 |a 208 
465 |a R.70 
500 |a C R Suseela Devi 
650 |a Short stories,Malayalam 
999 |c 29566  |d 29566 
952 |0 0  |1 0  |4 0  |6 A_301_PAD_090000000000000_N8  |7 0  |8 MAL  |9 29448  |a MGUL  |b MGUL  |d 2013-07-16  |e R.70  |l 3  |o A301 PAD 09 N8  |p 30150  |r 2017-02-07  |s 2017-02-07  |w 2013-07-16  |y BK